| 000 | 01027nam a2200289 a 4500 | ||
|---|---|---|---|
| 003 | MX-MxUPN | ||
| 005 | 20240831063823.0 | ||
| 008 | 991125s1925 sp a fr 001 0 spa d | ||
| 035 | _aUPN01000015034 | ||
| 040 |
_aMX-MxUPN _bspa _cMX-MxUPN |
||
| 041 |
_aspa _hfre |
||
| 050 | 4 |
_aLB1139 D7 _bA7.38 |
|
| 100 | 1 |
_aArtus-Perrelet, Louise, _953351 _d1867-1946 |
|
| 245 | 1 | 3 | _aEl dibujo al servicio de la educación |
| 260 |
_aMadrid : _bFrancisco Beltrán, _c1925. |
||
| 300 |
_a233 páginas : _bilustraciones |
||
| 490 | 0 | _aActualidades pedagógicas | |
| 504 | _aIncluye índice. | ||
| 650 | 0 |
_aDibujo, psicología del _914422 |
|
| 700 | 1 |
_952591 _aMasriera, Víctor _etraducción y prólogo |
|
| 700 | 1 |
_931438 _aBovet, Pierre, _d1878-1944 _eprefacio |
|
| 710 | 2 |
_951335 _aMuseo Pedagógico Nacional (México) _epropietario anterior |
|
| 710 | 1 |
_951349 _aMéxico. _bSecretaría de Educación Pública. _bBiblioteca Pública _epropietario anterior |
|
| 902 | _bMaríaRobles/300824 | ||
| 905 | _aLibro | ||
| 942 |
_2lcc _cLIBRO _n0 |
||
| 999 |
_c15034 _d15034 |
||